LEADER 01337cam0-2200385---450- 001 990005842060403321 005 20151012111346.0 035 $a000584206 035 $aFED01000584206 035 $a(Aleph)000584206FED01 035 $a000584206 100 $a19990604d1827----km-y0itay50------ba 101 0 $aeng 102 $aGB 140 $aa-------------------bb0----- 200 1 $a<>life and pontificate of Leo the Tenth by William Roscoe 205 $aThe third edition, corrected. In four volumes 210 $aLondon$cprinted for T. Cadell, strand.$d1827 215 $a4 v.$d22 cm 307 $a1.: xliii, [1], 507, [1] p., [1] c. di tav. : ill. ; 2.: [2], 563, [1] p. ; 3.: [2], 591, [1] p. ; 4.: [2], 561, [1] p. 610 0 $aLeone 676 $a282.0924$v22$zita 676 $a922$v22$zita 700 1$aRoscoe,$bWilliam$f<1753-1831>$0179588 719 00$aCadell,$4650$gThomas$c<2.> 801 0$aIT$bUNINA$gRICA$2UNIMARC 901 $aAQ 912 $a990005842060403321 952 $aSG 900/B 183 (1)$bBIBL. 40208$fFLFBC 952 $aSG 900/B 183 (2)$bBIBL. 40208$fFLFBC 952 $aSG 900/B 183 (3)$bBIBL. 40208$fFLFBC 952 $aSG 900/B 183 (4)$bBIBL. 40208$fFLFBC 959 $aFLFBC 996 $aLife and pontificate of Leo the Tenth by William Roscoe$9566438 997 $aUNINA LEADER 00831nam0-22002891i-450- 001 990005277920403321 005 20070110121358.0 035 $a000527792 035 $aFED01000527792 035 $a(Aleph)000527792FED01 035 $a000527792 100 $a19990604d1959----km-y0itay50------ba 101 0 $alat 105 $ay-------001yy 200 1 $aDe Rosario Mariae a Sisto IV ad S. Pium V$fAngelus Walz 210 $aBarcinone$cHerder$d1959 215 $a62 p.$d24 cm 610 0 $aRosario - Storia - Sec. 15.-16. 676 $a248.32$v21$zita 700 1$aWalz,$bAngelus Maria$0385741 801 0$aIT$bUNINA$gRICA$2UNIMARC 901 $aBK 912 $a990005277920403321 952 $a248.32 WAL 1$bST REL. 1638$fFLFBC 959 $aFLFBC 996 $aDe Rosario Mariae a Sisto IV ad S. Pium V$9537569 997 $aUNINA